000
002650000a22000970004500
100
1
_a
Bascom, Roberto
245
1
0
_a
La traducción de Génesis 1.14-15
300
_a
Vol. 10, Num 1 (I Semestre, 2000), Páginas 22-23
773
0
_t
Traducción de la Biblia
942
_c
ANA
999
_c
52715
_d
52715